书目信息 |
| 题名: |
书
|
|
| 作者: | 富强 主编 | |
| 分册: | ||
| 出版信息: | 呼和浩特 内蒙古人民出版社 2003.01 |
|
| 页数: | 229页 | |
| 开本: | 20cm | |
| 丛书名: | 博雅经典系列丛书 | |
| 单 册: | ||
| 中图分类: | J120.9-49 | |
| 科图分类: | ||
| 主题词: | 艺术--中国 , 中国艺术节 | |
| 电子资源: | ||
| ISBN: | 7-204-06580-8 | |
| 000 | 00617nam0 2200229 450 | |
| 001 | 0435919661 | |
| 005 | 20040308095839.56 | |
| 010 | @a7-204-06580-8@dCNY30.00 | |
| 100 | @a20040308d2003 km y0chiy0120 ea | |
| 101 | 0 | @achi |
| 102 | @aCN@b150000 | |
| 200 | 1 | @a书@Ashu@f富强主编@Ffu qiang zhu bian |
| 210 | @a呼和浩特@c内蒙古人民出版社@d2003.01 | |
| 215 | @a229页@d20cm | |
| 225 | 2 | @a博雅经典系列丛书 |
| 410 | 0 | @12001 @a博雅经典系列丛书 |
| 606 | 0 | @a艺术@x中国 |
| 606 | 0 | @a中国艺术节 |
| 690 | @aJ120.9-49@v4 | |
| 701 | 0 | @a富强@Afu qiang@4主编 |
| 801 | 0 | @aCN@bPFT@c20040308 |
| 905 | @aBZT@dJ120.9-49@e2@f10 | |
| 书/富强主编.-呼和浩特:内蒙古人民出版社,2003.01 |
| 229页;20cm.-(博雅经典系列丛书) |
| ISBN 7-204-06580-8:CNY30.00 |
| ● |
| 相关链接 |
|
|
|
正题名:书
索取号:J120.9-49/2
 
预约/预借
| 序号 | 登录号 | 条形码 | 馆藏地/架位号 | 状态 | 备注 |
| 1 | 2001741098 | 2001741098 | 样本书库/样005架B面3层2列/ [索取号:J120.9-49/2] | 在馆 | |
| 2 | 358825 | 230079451 | 中心书库中库/ 中库016架A面4列6层30/ [索取号:J120.9-49/2] | 在馆 | |
| 3 | 358826 | 230079449 | 中心书库中库/ 中库016架A面4列6层32/ [索取号:J120.9-49/2] | 在馆 | |
| 4 | 358827 | 230079445 | 中心书库中库/ 中库016架A面4列6层34/ [索取号:J120.9-49/2] | 在馆 | |
| 5 | 358828 | 230079432 | 中心书库中库/ 中库016架A面4列6层28/ [索取号:J120.9-49/2] | 在馆 | |
| 6 | 358829 | 230079443 | 中心书库中库/ 中库016架A面4列6层33/ [索取号:J120.9-49/2] | 在馆 | |
| 7 | 358830 | 230075851 | 中心书库中库/ 中库016架A面4列6层27/ [索取号:J120.9-49/2] | 在馆 | |
| 8 | 358831 | 230079447 | 中心书库中库/ 中库016架A面4列6层31/ [索取号:J120.9-49/2] | 在馆 | |
| 9 | 358832 | 230079441 | 中心书库中库/ 中库016架A面4列6层26/ [索取号:J120.9-49/2] | 在馆 | |
| 10 | 358833 | 230079439 | 中心书库中库/ 中库016架A面4列6层29/ [索取号:J120.9-49/2] | 在馆 |